000 00313nam a22001337a 4500
008 180918b xxu||||| |||| 00| 0 eng d
020 _a9781451183764
041 _aeng
080 _a610.73
100 _a2
101 _ashm
245 _a2013 Pocket Drug Guide For Nurses
_cKarch,a,M
942 _2udc
_cBK
999 _c47912
_d47912